| 000 | 00985nam a2200205 i 4500 | ||
|---|---|---|---|
| 001 | 187609 | ||
| 003 | ES-MaACL | ||
| 005 | 20231212163321.0 | ||
| 008 | 171207s2016 sp |||| | spa d | ||
| 080 | _a821.134.2-82"19" | ||
| 100 | 1 |
_aLópez Delgado, Juan Antonio. _973607 |
|
| 245 | 1 | 0 |
_aErogaciones histórico-artisticas-literarias, o sea, llovizna sobre papel de descripciones, casos, cuentos, juicios, relaciones, citas, cuadros, bosquejos, reminiscencias, contrastes, cotejos y episodios concebidos y relatados de singular manera / _cpor Don Juan Antonio López Delgado, pequeño bibliófilo. |
| 250 | _aEdición no venal. | ||
| 260 |
_a[Patiño, Murcia] : _bJ. A. López, _c2016. |
||
| 300 |
_a117 p. ; _c22 cm. |
||
| 852 |
_aES-MaACL _jA-14051 _9194695 _bR.151306 _cDEPO1 _dOlim: N-7051 _gDedicatoria autógrafa del autor _hDonación: Juan Antonio López Delgado |
||
| 903 |
_973607 _aLópez Delgado, Juan Antonio _ednr |
||
| 942 |
_2udc _cMONOGRAFIA |
||
| 999 |
_c187609 _d187609 |
||